Jóvenes en concreto. El Azar y la incertidumbre cotidianos /

Salvato in:
Dettagli Bibliografici
Autore principale: Gutiérrez Gómez, Alfredo
Natura: testo
Soggetti:
Tags: Aggiungi Tag
Nessun Tag, puoi essere il primo ad aggiungerne!!

MARC

LEADER 00000 a a2200000 04500
001 8961
003
040
100 |a Gutiérrez Gómez, Alfredo  
245 |a Jóvenes en concreto. El Azar y la incertidumbre cotidianos /  |c Alfredo Gutiérrez Gómez 
650 |a JUVENTUD  
650 |a INFANCIA  
650 |a PROBLEMAS SOCIALES  
650 |a DELINCUENCIA JUVENIL  
773 |g volumen 1, número 4; páginas 30-43  
999 |c 30357  |d 30357